| 000 | 00660cam a22001815a 4500 | ||
|---|---|---|---|
| 001 | 121293 | ||
| 008 | 221229s2020 xxk fo 001 0 eng d | ||
| 041 | 0 | _aeng | |
| 110 | 2 | _aRoyal Institution of Chartered Surveyors | |
| 245 | 0 | 0 |
_aRoyal Institution of Chartered Surveyors Royal Charter _bupdated February 2020 _h[Electronic resource] |
| 260 |
_aLondon, _bRICS, _c2020 |
||
| 300 | _a8p | ||
| 520 | _aSupplemental Charter of the Royal Institution of Chartered Surveyors | ||
| 650 | _aCHARTER | ||
| 651 | 4 | _aUnited Kingdom | |
| 856 | 4 | 1 |
_uhttps://www.rics.org/globalassets/rics-website/media/governance/royal-charter _zAvailable on RICS.org |
| 942 | _n0 | ||
| 999 |
_c121294 _d121294 |
||